Biomedical instrumentation and measurements / (Record no. 103)
[ view plain ]
| 000 -LEADER | |
|---|---|
| fixed length control field | 01072nac a22002651u 4500 |
| 010 ## - LIBRARY OF CONGRESS CONTROL NUMBER | |
| LC control number | 79022696 |
| 020 ## - INTERNATIONAL STANDARD BOOK NUMBER | |
| International Standard Book Number | 812970028X |
| 082 00 - DEWEY DECIMAL CLASSIFICATION NUMBER | |
| Classification number | 610/.28 |
| Item number | C946 |
| 090 ## - LOCALLY ASSIGNED LC-TYPE CALL NUMBER (OCLC); LOCAL CALL NUMBER (OCLC) | |
| -- | 103 |
| -- | 103 |
| 100 ## - MAIN ENTRY--PERSONAL NAME | |
| Personal name | Cromwell, Leslie. |
| 245 10 - TITLE STATEMENT | |
| Title | Biomedical instrumentation and measurements / |
| Statement of responsibility, etc | Leslie Cromwell, Fred J. Weibell, Erich A. Pfeiffer. |
| 250 ## - EDITION STATEMENT | |
| Edition statement | 2nd ed. |
| 260 ## - PUBLICATION, DISTRIBUTION, ETC. (IMPRINT) | |
| Place of publication, distribution, etc | Englewood Cliffs, N.J. : |
| Name of publisher, distributor, etc | Prentice-Hall, |
| Date of publication, distribution, etc | c1980. |
| 300 ## - PHYSICAL DESCRIPTION | |
| Extent | xvi, 510 p. : |
| Other physical details | ill. ; |
| Dimensions | 24 cm. |
| 500 ## - GENERAL NOTE | |
| General note | Includes index. |
| 650 #0 - SUBJECT ADDED ENTRY--TOPICAL TERM | |
| Topical term or geographic name as entry element | Biomedical engineering. |
| 650 #0 - SUBJECT ADDED ENTRY--TOPICAL TERM | |
| Topical term or geographic name as entry element | Medical instruments and apparatus. |
| 650 #0 - SUBJECT ADDED ENTRY--TOPICAL TERM | |
| Topical term or geographic name as entry element | Physiological apparatus. |
| 650 #0 - SUBJECT ADDED ENTRY--TOPICAL TERM | |
| Topical term or geographic name as entry element | Biomedical engineering |
| General subdivision | Instrumentation. |
| 700 1# - ADDED ENTRY--PERSONAL NAME | |
| Personal name | Weibell, Fred J., |
| 700 1# - ADDED ENTRY--PERSONAL NAME | |
| Personal name | Pfeiffer, Erich A., |
| 942 ## - ADDED ENTRY ELEMENTS (KOHA) | |
| Item type | Book - Borrowing |
| Call number prefix | 610.28C946 |
| Withdrawn status | Item status | Damaged status | Not for loan | Home library | Current library | Shelving location | Date acquired | Source of acquisition | Total Checkouts | Full call number | Barcode | Date last seen | Cost, replacement price | Koha item type |
|---|---|---|---|---|---|---|---|---|---|---|---|---|---|---|
| Central Library | Central Library | First floor | 21/12/2005 | Purchase | 610.28 CRO | 000004675 | 15/07/2025 | 120.00 | Book - Borrowing | |||||
| Central Library | Central Library | First floor | 21/12/2005 | Purchase | 610.28 CRO | 000004674 | 15/07/2025 | 120.00 | Book - Borrowing |